LEADER 00793nam a2200205 i 4500 001 000000253151 003 CaOOAMICUS 005 20170228000000.0 008 170228s1852 it u000 u ita u 013 $a232056 040 $aSeMil$bita 245 10$aVol. 2. 300 $a467 p. 650 4$aItalia - Storia - Sec. 13.$0(OLS)http://semarc/subject/2952 650 4$aSicilia - Storia.$0(OLS)http://semarc/subject/4117 773 0 $aAmari, Michele <1806-1889>$tGuerra del Vespro siciliano, o Un periodo delle istorie siciliane del secolo 13..$dLugano : A spese dell'editore, 1852.$g2$w()30048 850 $aSeMil 852 $aSeMil$W1$xVenegono$y1$m3S I 30 FA$j203497$B203497$CSeMilBibl$Z2$F216296 $8I 961 $aOmaggio: Monti don Eros 996 $6245$aVol. 2$9(OLS)http://semarc/title/13458 LEADER 01220nam a2200265 i 4500 001 000000107333 003 CaOOAMICUS 005 20031117000000.0 008 031117s1977 it u000 u und u 013 $a79571 040 $aSeMil$bita 100 1 $aGutton, Jean Pierre.$0(OLS)http://semarc/name/45161 240 13$aLa société et les pauvres en Europe (16.-18. siècles).$0(OLS)http://semarc/title/155751 245 13$aLa società e i poveri /$cJean Pierre Gutton ; traduzione di Carlo Capra, nota critica a cura di Mario Rosa. 260 $aMilano :$bArnoldo Mondadori Editore,$c1977. 300 $a179 p. ;$c21 cm. 500 $aContiene : Orientamenti bibliografici. 650 4$aPauperismo - Europa - Sec. 16.-18.$0(OLS)http://semarc/subject/18782 700 1 $aRosa, Mario,$d<1932-2022>.$0(OLS)http://semarc/name/21004 700 1 $aCapra, Carlo,$d<1938- >.$0(OLS)http://semarc/name/5041 850 $aSeMil 852 $aSeMil$W1$xVenegono$y1$m3U II 462$j63429$B63429$CSeMilBibl$Z2$F104497 $81 961 $aOmaggio: Duchini Prof. Francesca 996 $6245$aLa società e i poveri$9(OLS)http://semarc/title/155750 996 $6260$aMilano :$bArnoldo Mondadori Editore$9(OLS)http://semarc/publisher/30056